书目信息 |
| 题名: |
黄河中上游银川段傍河取水可行性研究
|
|
| 作者: | 薛忠歧 , 段晓龙 主编 | |
| 分册: | ||
| 出版信息: | 银川 阳光出版社 2019.12 |
|
| 页数: | 127页 | |
| 开本: | 21cm | |
| 丛书名: | ||
| 单 册: | ||
| 中图分类: | TU991.11 | |
| 科图分类: | ||
| 主题词: | ||
| 电子资源: | ||
| ISBN: | 978-7-5525-5082-5 | |
| 000 | 01265nam0 2200265 450 | |
| 001 | 202021193668 | |
| 005 | 20211025120141.0 | |
| 010 | @a978-7-5525-5082-5@dCNY45.00 | |
| 100 | @a20211002d2019 em y0chiy50 ea | |
| 101 | 0 | @achi |
| 102 | @aCN@b640000 | |
| 105 | @aab a 000yy | |
| 106 | @ar | |
| 200 | 1 | @a黄河中上游银川段傍河取水可行性研究@Ahuang he zhong shang you yin chuan duan bang he qu shui ke xing xing yan jiu@f薛忠歧, 段晓龙主编 |
| 210 | @a银川@c阳光出版社@d2019.12 | |
| 215 | @a127页@c彩图, 地图@d21cm | |
| 300 | @a沿黄生态经济带地下水资源开发利用与生态环境保护效应调查评价项目 | |
| 320 | @a有书目 (第124-127页) | |
| 330 | @a本书稿以黄河中上游银川段傍河取水为例, 分析研究区地下水水量和水质情况。主要内容是从系统论的角度着眼, 综合运用地面调查、电法勘查、钻探取样等多种手段, 查清研究区含水层岩性、地下水补径排关系及水化学特征 ; 运用地下水动力学、水文地球化学、傍河抽水试验的原理和方法, 从水文地质异常现象的分析出发, 利用傍河抽水试验场地下水溶解性总固体随抽水水量的变化规律。 | |
| 607 | @a黄河中、上游@Ahuang he zhong 、 shang you@x地下取水@x可行性研究@y银川 | |
| 690 | @aTU991.11@v5 | |
| 701 | 0 | @a薛忠歧@Axue zhong qi@4主编 |
| 701 | 0 | @a段晓龙@Aduan xiao long@4主编 |
| 801 | 0 | @aCN@c20210909 |
| 905 | @a河南城建学院图书馆@dTU991.11@eX972 | |
| 黄河中上游银川段傍河取水可行性研究/薛忠歧, 段晓龙主编.-银川:阳光出版社,2019.12 |
| 127页:彩图, 地图;21cm |
| 沿黄生态经济带地下水资源开发利用与生态环境保护效应调查评价项目 |
| ISBN 978-7-5525-5082-5:CNY45.00 |
| 本书稿以黄河中上游银川段傍河取水为例, 分析研究区地下水水量和水质情况。主要内容是从系统论的角度着眼, 综合运用地面调查、电法勘查、钻探取样等多种手段, 查清研究区含水层岩性、地下水补径排关系及水化学特征 ; 运用地下水动力学、水文地球化学、傍河抽水试验的原理和方法, 从水文地质异常现象的分析出发, 利用傍河抽水试验场地下水溶解性总固体随抽水水量的变化规律。 |
| ● |
| 相关链接 |
|
|
|
正题名:黄河中上游银川段傍河取水可行性研究
索取号:TU991.11/X972
 
预约/预借
| 序号 | 登录号 | 条形码 | 馆藏地/架位号 | 状态 | 备注 |
| 1 | 1542847 | 215428473 | 建筑库201/201建筑库 131排1列1层/ [索取号:TU991.11/X972] | 在馆 | |
| 2 | 1542848 | 215428482 | 建筑库201/201建筑库 131排1列1层/ [索取号:TU991.11/X972] | 在馆 |